Introduksiyon sa pananaliksik sa wika at panitikan / Maria Luisa L. Arbasto [and twelve others]. (Record no. 21363)
| 000 -LEADER | |
|---|---|
| fixed length control field | 00594nam a22001697a 4500 |
| 020 ## - INTERNATIONAL STANDARD BOOK NUMBER | |
| ISBN | 9786214063352 |
| 082 ## - DEWEY DECIMAL CLASSIFICATION NUMBER | |
| Classification number | 499.211072 |
| Item number | Ar6641 2022 |
| 100 ## - MAIN ENTRY--AUTHOR NAME | |
| Personal name | Arbasto, Maria Luisa L., author |
| 245 ## - TITLE STATEMENT | |
| Title | Introduksiyon sa pananaliksik sa wika at panitikan / Maria Luisa L. Arbasto [and twelve others]. |
| 260 ## - PUBLICATION, DISTRIBUTION, ETC. (IMPRINT) | |
| Place of publication | Manila : |
| Name of publisher | Mindshapers Co., Inc., |
| Year of publication | ©2022. |
| 300 ## - PHYSICAL DESCRIPTION | |
| Number of Pages | vi, 263 pages ; |
| Other physical details | 26 cm |
| 500 ## - GENERAL NOTE | |
| General note | Includes bibliographical references. |
| 650 ## - SUBJECT ADDED ENTRY--TOPICAL TERM | |
| Topical Term | Filipino language -- Research. |
| 650 ## - SUBJECT ADDED ENTRY--TOPICAL TERM | |
| Topical Term | Philippine literature -- Research. |
| 650 ## - SUBJECT ADDED ENTRY--TOPICAL TERM | |
| Topical Term | Research -- Methodology. |
| 942 ## - ADDED ENTRY ELEMENTS (KOHA) | |
| Koha item type | Books |
| Source of acquisition | Permanent Location | Date acquired | Koha item type | Collection code | Accession Number | Lost status | Shelving location | Withdrawn status | Current Location | Full call number |
|---|---|---|---|---|---|---|---|---|---|---|
| School | Cagayan State University - Carig Library | 2025-09-10 | Books | Languages | 011210 | General Collection | Cagayan State University - Carig Library | 499.211072 Ar6641 2022 | ||
| School | Cagayan State University - Carig Library | 2025-09-10 | Books | Languages | 011211 | General Collection | Cagayan State University - Carig Library | 499.211072 Ar6641 2022 | ||
| School | Cagayan State University - Carig Library | 2025-09-10 | Books | Languages | 011212 | General Collection | Cagayan State University - Carig Library | 499.211072 Ar6641 2022 |